|
|
|
|
| LEADER |
00000nab a2200000 a 4500 |
| 001 |
vtls000916189 |
| 003 |
SK-MaSNL |
| 005 |
20260302173458.0 |
| 008 |
190318e19920325xo 0 slo |
| 035 |
|
|
|a KE25071
|
| 040 |
|
|
|a KEVKJB
|b slo
|c KEVKJB
|e AACR2
|
| 041 |
0 |
|
|a slo
|
| 044 |
|
|
|a xo
|c SK
|
| 080 |
|
|
|a 614.31
|2 1981
|
| 100 |
1 |
|
|a Bejda, František
|4 aut
|9 881027
|
| 245 |
1 |
0 |
|a Nové garnitúry dvíhajú hlasy i kvalitu
|b Príjemné i nelichotivé zistenia Slovenskej poľnohospodárskej a potravinárskej inšpekcie v Košiciach
|
| 610 |
2 |
7 |
|a Inšpektorát Slov. poľnohosp. a potravinár. inšp. v Košiciach
|2 KEVKJB
|9 881062
|
| 650 |
0 |
7 |
|a previerky
|2 KEVKJB
|9 621866
|
| 650 |
0 |
7 |
|a sektor štátny
|2 KEVKJB
|9 881352
|
| 650 |
0 |
7 |
|a sektor družstevný
|2 KEVKJB
|9 881353
|
| 650 |
0 |
7 |
|a súkromný sektor
|2 KEVKJB
|9 69343
|
| 650 |
0 |
7 |
|a výsledky
|2 KEVKJB
|9 493505
|
| 651 |
|
7 |
|a Košice (Slovensko)
|2 KEVKJB
|9 18694
|
| 651 |
|
7 |
|a Východoslovenský región
|2 KEVKJB
|9 881068
|
| 651 |
|
7 |
|a KE,
|2 KEVKJB
|9 877256
|
| 655 |
|
7 |
|a periodikum
|2 snkbucl
|9 29553
|
| 710 |
2 |
|
|a Inšpektorát Slov. poľnohosp. a potravinár. inšp. v Košiciach
|4 aut
|9 881062
|
| 773 |
0 |
8 |
|t Slovenský východ
|g Roč. 2
|g Roč. 20, č.72, 25.3.1992, s. 3
|
| 852 |
|
|
|a ZVYKNI
|b KIS3GCP
|
| 999 |
|
|
|c 1401636
|d 1403566
|